[Event "ICS rated blitz match"]
[Site "204.178.125.65"]
[Date "1999.10.29"]
[Round "?"]
[White "Hossa"]
[Black "roma"]
[Result "1-0"]
[WhiteElo "2465"]
[BlackElo "2161"]
[PlyCount "99"]
[EventDate "1999.??.??"]

1. e4 e6 2. d4 d5 3. Nc3 Nf6 4. Bg5 dxe4 5. Nxe4 Be7 6. Nxf6+ Bxf6 7. Bxf6 Qxf6
8. Nf3 O-O 9. c3 Nd7 10. Bd3 e5 11. Qc2 h6 12. O-O exd4 13. cxd4 c6 14. Rfe1
Nb6 15. a4 Nd5 16. Ne5 Be6 17. Rac1 Rfd8 18. Rcd1 Nb4 19. Qc5 a5 20. Bc4 Bd5
21. Bxd5 Rxd5 22. Qb6 Rad8 23. Qxb7 Nc2 24. Nxc6 Nxe1 25. Ne7+ Kh7 26. Nxd5
Nf3+ 27. Kh1 Qd6 28. gxf3 Qxd5 29. Qxd5 Rxd5 30. f4 Kg6 31. Kg2 Kf5 32. Kf3 Ke6
33. Re1+ Kd6 34. Ke3 Rh5 35. Rg1 g6 36. Rg2 Rh3+ 37. f3 Rh5 38. Rd2 Kd5 39. Rc2
Kd6 40. Re2 Kd5 41. Kd3 Rh4 42. Re5+ Kd6 43. Rxa5 Rxh2 44. b4 Rb2 45. Ra6+ Kd5
46. Kc3 Rb1 47. Ra5+ Kd6 48. f5 h5 49. fxg6 fxg6 50. Rg5 {roma resigns} 1-0

[Event "ICS rated blitz match"]
[Site "204.178.125.65"]
[Date "1999.10.29"]
[Round "?"]
[White "Colorado"]
[Black "Hossa"]
[Result "1-0"]
[WhiteElo "2748"]
[BlackElo "2470"]
[PlyCount "76"]
[EventDate "1999.??.??"]

1. d4 Nf6 2. c4 g6 3. Nc3 Bg7 4. e4 d6 5. Nf3 O-O 6. Be2 e5 7. O-O Nc6 8. d5
Ne7 9. Ne1 Nd7 10. Be3 f5 11. f3 b6 12. a4 fxe4 13. Nxe4 a5 14. Nc2 Nc5 15.
Nxc5 bxc5 16. Bd3 Nf5 17. Bd2 Nd4 18. Nxd4 exd4 19. Re1 Bf5 20. Bxf5 Rxf5 21.
Ra3 Be5 22. Re4 Qc8 23. Qe1 Qa6 24. f4 Bg7 25. Re7 Rf7 26. Qe6 Raf8 27. Rb3 Qa7
28. f5 Bf6 29. fxg6 hxg6 30. Rxf7 Rxf7 31. Rf3 c6 32. Rxf6 Qe7 33. Rxg6+ Kh7
34. Qg4 Rf1+ 35. Kxf1 Qf7+ 36. Kg1 Qxg6 37. Qxg6+ Kxg6 38. dxc6 38... Kf5 {
Hossa resigns} 1-0

[Event "ICS rated blitz match"]
[Site "204.178.125.65"]
[Date "1999.10.29"]
[Round "?"]
[White "Hossa"]
[Black "Colorado"]
[Result "0-1"]
[WhiteElo "2465"]
[BlackElo "2753"]
[PlyCount "117"]
[EventDate "1999.??.??"]

1. d4 d5 2. c4 dxc4 3. Nf3 Nf6 4. e3 e6 5. Bxc4 a6 6. O-O c5 7. a4 Nc6 8. Nc3
Be7 9. b3 O-O 10. Ba3 cxd4 11. Bxe7 Qxe7 12. exd4 Rd8 13. Rc1 Qd6 14. Ne2 b6
15. Re1 Bb7 16. Qd2 Na5 17. Qc3 Nxc4 18. bxc4 Bxf3 19. Qxf3 Qb4 20. Qb7 Rdb8
21. Qc6 Rc8 22. Qb7 a5 23. Rb1 Qxa4 24. Rec1 Rab8 25. Qa7 Qa2 26. Ng3 Qa3 27.
Ne2 Qd3 28. Rb2 b5 29. Qxa5 Rxc4 30. Re1 Rcc8 31. Rbb1 Rc2 32. Qa7 Rf8 33. Ng3
b4 34. f3 Rd8 35. Ra1 h6 36. Nf1 Qxd4+ 37. Ne3 Rd2 38. Qxd4 R8xd4 39. Nf1 R2d3
40. Reb1 Nd5 41. Ra7 Rd1 42. Rxd1 Rxd1 43. Kf2 Rc1 44. Rb7 Rc2+ 45. Kg3 g5 46.
Rb8+ Kg7 47. Rd8 b3 48. Rb8 b2 49. h4 Nc3 50. Ne3 Re2 51. hxg5 hxg5 52. Rb7
b1=Q 53. Rxb1 Nxb1 54. Nc4 Nc3 55. Kh3 Nd5 56. g3 Rf2 57. Kg4 Kh6 58. Ne5 Ne3+
59. Kh3 {Hossa resigns} 0-1

[Event "ICS rated blitz match"]
[Site "204.178.125.65"]
[Date "1999.10.29"]
[Round "?"]
[White "roma"]
[Black "Hossa"]
[Result "0-1"]
[WhiteElo "2162"]
[BlackElo "2457"]
[PlyCount "58"]
[EventDate "1999.??.??"]

1. e4 e5 2. Nf3 d6 3. d4 exd4 4. Qxd4 Nc6 5. Bb5 Bd7 6. Bxc6 bxc6 7. Nc3 c5 8.
Qd3 a6 9. O-O Bg4 10. h3 Be6 11. Re1 Be7 12. b3 Nf6 13. Nd5 Nxd5 14. exd5 Bd7
15. Qe4 Rb8 16. Bb2 f6 17. Re2 Kf7 18. Rae1 Bf8 19. c4 a5 20. Qf4 h6 21. h4 a4
22. Re3 axb3 23. axb3 Rg8 24. h5 Rh8 25. Qe4 f5 26. Qf4 Rh7 27. Qg3 Kg8 28. Qg6
Ra8 29. Bf6 29... Qxf6 {roma resigns} 0-1

[Event "ICS rated blitz match"]
[Site "204.178.125.65"]
[Date "1999.10.29"]
[Round "?"]
[White "Hossa"]
[Black "roma"]
[Result "1-0"]
[WhiteElo "2462"]
[BlackElo "2157"]
[PlyCount "57"]
[EventDate "1999.??.??"]

1. e4 e6 2. d4 d5 3. Nc3 Nf6 4. Bg5 dxe4 5. Nxe4 Be7 6. Nxf6+ Bxf6 7. Bxf6 Qxf6
8. Nf3 O-O 9. c3 Nc6 10. Bb5 Bd7 11. O-O a6 12. Ne5 Rfd8 13. Nxd7 Rxd7 14. Bxc6
bxc6 15. Qb3 Qd8 16. Qc4 Rd6 17. Rae1 Qd7 18. Re2 Rd5 19. b4 a5 20. a3 g6 21.
Qb3 axb4 22. axb4 Rg5 23. Qc2 Qd5 24. f4 Rg4 25. Qd3 Ra2 26. Rxa2 Qxa2 27. g3
e5 28. h3 e4 29. Qe3 {roma resigns} 1-0

[Event "ICS rated blitz match"]
[Site "204.178.125.65"]
[Date "1999.10.29"]
[Round "?"]
[White "Hossa"]
[Black "leskovar"]
[Result "1/2-1/2"]
[WhiteElo "2467"]
[BlackElo "2295"]
[PlyCount "97"]
[EventDate "1999.??.??"]

1. e4 e5 2. Nf3 d6 3. d4 exd4 4. Nxd4 g6 5. Nc3 Bg7 6. f3 Nc6 7. Nxc6 bxc6 8.
Bd3 Nf6 9. O-O O-O 10. Bg5 Rb8 11. Qc1 Qe8 12. Bh6 Bxh6 13. Qxh6 Rxb2 14. Nd1
Rb6 15. Ne3 Be6 16. c3 Nd7 17. Rfe1 Qe7 18. Bc4 Qf6 19. Bxe6 fxe6 20. Nc4 Rb5
21. Nd2 Qf4 22. Qxf4 Rxf4 23. Rab1 Rf8 24. a4 Rb6 25. Nc4 Rxb1 26. Rxb1 Rb8 27.
Rxb8+ Nxb8 28. e5 d5 29. Na5 Kf8 30. f4 Ke7 31. Kf2 Kd7 32. Nb3 Na6 33. g4 c5
34. Ke3 c4 35. Nd4 Nc5 36. a5 Nb3 37. f5 gxf5 38. gxf5 Nxd4 39. Kxd4 c6 40. f6
Ke8 41. h3 Kf7 42. Kc5 h6 43. a6 h5 44. h4 Kf8 45. Kd4 Kf7 46. Kc5 Kf8 47. Kd4
Kf7 48. Kc5 Kf8 49. Kd4 {Game drawn by repetition} 1/2-1/2

[Event "ICS rated blitz match"]
[Site "204.178.125.65"]
[Date "1999.10.29"]
[Round "?"]
[White "lambChop"]
[Black "Hossa"]
[Result "1-0"]
[WhiteElo "2535"]
[BlackElo "2460"]
[PlyCount "122"]
[EventDate "1999.??.??"]

1. d4 d5 2. Nf3 Nf6 3. c4 e6 4. Nc3 c6 5. e3 Nbd7 6. Bd3 dxc4 7. Bxc4 b5 8. Bd3
a6 9. e4 c5 10. d5 exd5 11. exd5 Nb6 12. Bg5 Be7 13. Bxf6 Bxf6 14. Qe2+ Kf8 15.
Rd1 Bxc3+ 16. bxc3 Nxd5 17. Be4 Bb7 18. Bxd5 Bxd5 19. Qe5 Qa5 20. Qxd5 Qxc3+
21. Kf1 Re8 22. Ng5 Qc4+ 23. Qxc4 bxc4 24. Rc1 Rd8 25. g3 Rd5 26. Nf3 Ke7 27.
Kg2 Kd6 28. Rxc4 Rd8 29. Ra4 Ra8 30. Re1 Ra7 31. Rh4 h6 32. Rhe4 Rb7 33. Ra4
Rb6 34. Re3 Kc7 35. Rg4 g5 36. Re7+ Rd7 37. Re5 Rc6 38. Rc4 Kb6 39. a4 f6 40.
Rf5 a5 41. h4 Rd3 42. Kh3 Rb3 43. Nd2 Rb4 44. Kg4 gxh4 45. Kxh4 Re6 46. Rfxc5
Rxa4 47. Rxa4 Kxc5 48. Rxa5+ Kd4 49. Rf5 Kd3 50. Nf3 Ke4 51. Rf4+ Kd3 52. Kh5
Ra6 53. Kxh6 Rc6 54. Kg6 Rc8 55. Nd4 Rh8 56. Kxf6 Rh6+ 57. Ke5 Ra6 58. g4 Ra5+
59. Kf6 Ra6+ 60. Ne6 Ke2 61. g5 61... Ra8 {Hossa resigns} 1-0

[Event "ICS rated blitz match"]
[Site "204.178.125.65"]
[Date "1999.10.29"]
[Round "?"]
[White "counterplay"]
[Black "Hossa"]
[Result "1-0"]
[WhiteElo "2759"]
[BlackElo "2447"]
[PlyCount "95"]
[EventDate "1999.??.??"]

1. e4 e5 2. Nf3 d6 3. d4 exd4 4. Qxd4 Nc6 5. Bb5 Bd7 6. Bxc6 bxc6 7. O-O c5 8.
Qd3 Be7 9. Rd1 Nf6 10. e5 Ng4 11. Qe4 O-O 12. Nc3 Re8 13. h3 Nxe5 14. Nxe5 dxe5
15. Qxe5 Bd6 16. Qd5 Rb8 17. a3 Re5 18. Qc4 Bf5 19. Bf4 Qh4 20. g3 Qxh3 21.
Bxe5 Bxe5 22. Ne2 Bg4 23. Qb3 Rf8 24. Re1 Kh8 25. Nf4 Bxf4 26. Qxf7 Bd6 27. Re8
h6 28. Rxf8+ Bxf8 29. Qxf8+ Kh7 30. Re1 Qh5 31. Re7 Qg5 32. Rxc7 Qc1+ 33. Kh2
Qxb2 34. Rxa7 Qc3 35. a4 Bh5 36. Ra8 Qc4 37. Qh8+ Kg6 38. Qe8+ Qf7 39. Qe4+ Kg5
40. f4+ Kg4 41. f5+ Kg5 42. Qf4+ Kf6 43. Ra6+ Qe6 44. fxe6+ Kg6 45. e7+ Kh7 46.
Qf5+ g6 47. Qf7+ Kh8 48. e8=Q# {Hossa checkmated} 1-0

[Event "ICS rated blitz match"]
[Site "204.178.125.65"]
[Date "1999.10.29"]
[Round "?"]
[White "Hossa"]
[Black "GreatPatzer"]
[Result "1-0"]
[WhiteElo "2442"]
[BlackElo "2240"]
[PlyCount "72"]
[EventDate "1999.??.??"]

1. d4 d5 2. Nf3 e6 3. e3 Bd6 4. c4 c6 5. Nc3 f5 6. Bd3 Nf6 7. O-O O-O 8. Bd2
Ne4 9. Be1 Bd7 10. Qb3 Qb6 11. Rd1 Qxb3 12. axb3 Be8 13. Ne5 Nd7 14. f3 Nxc3
15. Bxc3 Nxe5 16. dxe5 Bc5 17. Rfe1 f4 18. Bd4 Bxd4 19. exd4 Rd8 20. Ra1 a6 21.
c5 Bg6 22. Be2 Bf5 23. Kf2 g5 24. Rh1 Kg7 25. g4 Bg6 26. h4 h6 27. Rh2 Rh8 28.
b4 Rdf8 29. Rah1 Bc2 30. Ke1 Bg6 31. Kd2 Rb8 32. Bd3 Bxd3 33. Kxd3 Rbf8 34. Kc3
Ra8 35. hxg5 hxg5 36. Rxh8 36... Rxh8 {GreatPatzer resigns} 1-0

[Event "ICS rated blitz match"]
[Site "204.178.125.65"]
[Date "1999.10.29"]
[Round "?"]
[White "AlBundy"]
[Black "Hossa"]
[Result "1/2-1/2"]
[WhiteElo "2491"]
[BlackElo "2450"]
[PlyCount "102"]
[EventDate "1999.??.??"]

1. c4 b6 2. Nc3 e5 3. Nf3 Nc6 4. d4 exd4 5. Nxd4 Nxd4 6. Qxd4 Nf6 7. Bg5 Bc5 8.
Qe5+ Qe7 9. Bxf6 gxf6 10. Qxe7+ Bxe7 11. O-O-O Bd6 12. g3 Bb7 13. Rg1 Be5 14.
Kc2 O-O-O 15. Bg2 Ba6 16. b3 Rhe8 17. e3 h6 18. Rd2 Kb8 19. Rgd1 Bc8 20. Ne2
Bd6 21. Nd4 Re5 22. Bd5 Rf8 23. Bg2 Rd8 24. h4 Rg8 25. Bh3 Bb4 26. Rd3 Ree8 27.
Kb2 Bc5 28. Nc2 Bd6 29. Nd4 Bc5 30. Kc1 a6 31. Nc2 d5 32. Bxc8 dxc4 33. bxc4
Kxc8 34. Rd7 Re7 35. Rxe7 Bxe7 36. Nd4 Bf8 37. Nf5 h5 38. Kc2 b5 39. cxb5 axb5
40. Nd4 b4 41. Nf5 c5 42. Kb3 Rg4 43. f3 c4+ 44. Kb2 Rg6 45. e4 Bc5 46. Rd5 Bf8
47. Ra5 Kb7 48. Rd5 Kc8 49. Ra5 Kb7 50. Rd5 Kc8 51. Ra5 51... Kb7 {
Game drawn by repetition} 1/2-1/2

[Event "ICS rated blitz match"]
[Site "204.178.125.65"]
[Date "1999.10.29"]
[Round "?"]
[White "Hossa"]
[Black "AlBundy"]
[Result "1-0"]
[WhiteElo "2452"]
[BlackElo "2489"]
[PlyCount "59"]
[EventDate "1999.??.??"]

1. d4 d5 2. Nf3 Nf6 3. c4 e6 4. Nc3 Be7 5. e3 O-O 6. Bd3 dxc4 7. Bxc4 a6 8. O-O
b5 9. Bb3 Bb7 10. Bd2 Nbd7 11. Rc1 Rc8 12. a4 b4 13. Ne2 c5 14. Ne5 cxd4 15.
exd4 Nb6 16. Rxc8 Qxc8 17. Qe1 a5 18. Bg5 Rd8 19. Qc1 Qa8 20. f3 Rc8 21. Qd2
Nfd5 22. Bxe7 Nxe7 23. Nxf7 Kxf7 24. Qf4+ Kg8 25. Bxe6+ Kh8 26. Bxc8 Qxc8 27.
Rc1 Qe8 28. Qc7 Nxa4 29. Qxb7 Nxb2 30. Qxe7 {AlBundy resigns} 1-0

[Event "ICS rated blitz match"]
[Site "204.178.125.65"]
[Date "1999.10.29"]
[Round "?"]
[White "Hossa"]
[Black "JUNIORE"]
[Result "1-0"]
[WhiteElo "2470"]
[BlackElo "2209"]
[PlyCount "69"]
[EventDate "1999.??.??"]

1. d4 Nf6 2. c4 c5 3. d5 b5 4. cxb5 a6 5. bxa6 Bxa6 6. Nc3 d6 7. Nf3 Nbd7 8. e4
Bxf1 9. Rxf1 g6 10. Bg5 Bg7 11. Qc1 O-O 12. Bh6 Qa5 13. Bxg7 Kxg7 14. Nd2 Rfb8
15. f4 Qb4 16. b3 c4 17. bxc4 Nc5 18. Ke2 Ra3 19. Rb1 Qa5 20. Rxb8 Rxc3 21. Qb1
Rd3 22. Qb2 Ra3 23. e5 dxe5 24. Rb5 Qa7 25. fxe5 Nfe4 26. Rxf7+ Kxf7 27. e6+
Nxe6 28. dxe6+ Kxe6 29. Qe5+ Kf7 30. Qd5+ Kg7 31. Qxe4 Rxa2 32. Rb7 Qa3 33.
Rxe7+ Kf8 34. Rxh7 Kg8 35. Qxg6+ {JUNIORE resigns} 1-0

[Event "ICS rated blitz match"]
[Site "204.178.125.65"]
[Date "1999.10.29"]
[Round "?"]
[White "Hossa"]
[Black "ComputoJon"]
[Result "1/2-1/2"]
[WhiteElo "2476"]
[BlackElo "2248"]
[PlyCount "77"]
[EventDate "1999.??.??"]

1. d4 Nf6 2. c4 c5 3. d5 b5 4. cxb5 a6 5. bxa6 g6 6. Nc3 Bxa6 7. e4 Bxf1 8.
Kxf1 d6 9. g3 Bg7 10. Kg2 O-O 11. Nf3 Nbd7 12. Re1 Qa5 13. Kg1 Rfb8 14. Re2 Ng4
15. Rc2 Nge5 16. Nxe5 Nxe5 17. f4 Nd7 18. Bd2 Qa6 19. Qf1 Nb6 20. Qxa6 Rxa6 21.
Bc1 Na4 22. Nxa4 Rxa4 23. Re2 Rab4 24. Rb1 c4 25. h3 Ra8 26. Ra1 Rab8 27. Rc2
Bxb2 28. Bxb2 Rxb2 29. Rxc4 Re2 30. a4 Rbb2 31. g4 Rg2+ 32. Kf1 Rh2 33. Rc8+
Kg7 34. Kg1 Rbf2 35. Rc7 Rhg2+ 36. Kh1 Rh2+ 37. Kg1 Rhg2+ 38. Kh1 Rh2+ 39. Kg1
{Game drawn by repetition} 1/2-1/2

[Event "ICS rated blitz match"]
[Site "204.178.125.65"]
[Date "1999.10.29"]
[Round "?"]
[White "Nicy"]
[Black "Hossa"]
[Result "1/2-1/2"]
[WhiteElo "2210"]
[BlackElo "2467"]
[PlyCount "89"]
[EventDate "1999.??.??"]

1. d4 Nf6 2. Bg5 e6 3. Nf3 d5 4. e3 c5 5. c3 Bd6 6. Bd3 Nc6 7. Nbd2 e5 8. dxe5
Bxe5 9. Nxe5 Nxe5 10. Be2 Bg4 11. Nf3 Ned7 12. O-O O-O 13. h3 Be6 14. Qc2 Re8
15. Rad1 Qb6 16. Nd2 Rac8 17. Nb3 Ne4 18. Bf4 Rcd8 19. Bf3 Ndf6 20. Nd2 Nxd2
21. Rxd2 Ne4 22. Bxe4 dxe4 23. b3 Rxd2 24. Qxd2 Rd8 25. Qc2 Rd3 26. Rd1 Qd8 27.
Rxd3 exd3 28. Qd2 c4 29. b4 a5 30. a3 a4 31. e4 Qh4 32. Qe3 h6 33. Be5 Kh7 34.
Bd4 b5 35. f3 Qg3 36. Qf2 Qxf2+ 37. Kxf2 g5 38. Be3 Kg6 39. g4 f6 40. Kg3 Bd7
41. Bd2 Kh7 42. Be3 Be6 43. Bd2 Kg7 44. Be3 Kg6 45. Bd2 {
Game drawn by mutual agreement} 1/2-1/2

[Event "ICS rated blitz match"]
[Site "204.178.125.65"]
[Date "1999.10.29"]
[Round "?"]
[White "Hossa"]
[Black "Nicy"]
[Result "1/2-1/2"]
[WhiteElo "2457"]
[BlackElo "2220"]
[PlyCount "80"]
[EventDate "1999.??.??"]

1. d4 d5 2. Nf3 c6 3. Bg5 Bg4 4. Nbd2 Nd7 5. e3 Ngf6 6. Be2 e6 7. O-O Bd6 8. e4
dxe4 9. Nxe4 Be7 10. Nfd2 Bxe2 11. Qxe2 Nxe4 12. Bxe7 Qxe7 13. Qxe4 O-O 14. c3
Nf6 15. Qh4 Rad8 16. Ne4 Nd5 17. Qxe7 Nxe7 18. Rae1 Nf5 19. Re2 Nd6 20. f4 Nxe4
21. Rxe4 Rd5 22. c4 Rd6 23. f5 exf5 24. Rxf5 Rd7 25. b4 Rfd8 26. Rff4 f6 27. a4
Kf7 28. h4 h5 29. b5 g6 30. Kf2 f5 31. Ke3 Kf6 32. bxc6 bxc6 33. a5 Rb7 34. Re5
Rb3+ 35. Kf2 Rd3 36. Rc5 Rd6 37. Ke2 Ra3 38. Kf2 Rd3 39. Ke2 Ra3 40. Kf2 40...
Rd3 {Game drawn by repetition} 1/2-1/2

[Event "ICS rated blitz match"]
[Site "204.178.125.65"]
[Date "1999.10.29"]
[Round "?"]
[White "Nicy"]
[Black "Hossa"]
[Result "0-1"]
[WhiteElo "2229"]
[BlackElo "2448"]
[PlyCount "130"]
[EventDate "1999.??.??"]

1. d4 Nf6 2. Bg5 e6 3. Nf3 d5 4. e3 c5 5. c3 Bd6 6. Bd3 Nc6 7. Nbd2 e5 8. dxe5
Bxe5 9. Nxe5 Nxe5 10. Be2 Bg4 11. Nf3 Ned7 12. O-O O-O 13. Qc2 Qb6 14. Rad1
Rae8 15. h3 Bh5 16. Bxf6 Nxf6 17. Ne1 Bxe2 18. Qxe2 Re7 19. Qc2 Rfe8 20. Nd3
Qc6 21. Rd2 Ne4 22. Rdd1 Rd7 23. Nf4 Rd6 24. Rd3 b5 25. Rfd1 Nf6 26. R3d2 Re5
27. Qb3 Rd7 28. Qc2 Ne4 29. Rd3 a5 30. a3 Rf5 31. Qe2 a4 32. Rf1 Re5 33. Qc2
Rde7 34. Rfd1 Nf6 35. Rf1 Qd7 36. Qd1 Rg5 37. Kh2 Ree5 38. g3 Re8 39. Ng2 Qf5
40. Nf4 Qe4 41. Qd2 Re7 42. Rd1 Ree5 43. Qe1 Rgf5 44. Qh1 Qc4 45. R3d2 Ne4 46.
Rc2 Qb3 47. Rdc1 Re7 48. Qd1 Rfe5 49. Nd3 Rg5 50. Nf4 Re8 51. Qf3 Rge5 52. Qg2
R8e7 53. Qf1 Kh8 54. Qg2 Re8 55. Qf3 f6 56. Qg2 Kg8 57. Nd3 Rg5 58. Nf4 Re7 59.
Qf3 Rge5 60. Nd3 R5e6 61. Nf4 Rd6 62. Nd3 Qc4 63. Nf4 Ng5 64. Qe2 Qe4 65. Qd3
65... Nf3+ {Nicy resigns} 0-1

[Event "ICS rated blitz match"]
[Site "204.178.125.65"]
[Date "1999.10.29"]
[Round "?"]
[White "dori"]
[Black "Hossa"]
[Result "1/2-1/2"]
[WhiteElo "2296"]
[BlackElo "2455"]
[PlyCount "116"]
[EventDate "1999.??.??"]

1. d4 Nf6 2. c4 c5 3. e3 cxd4 4. exd4 e6 5. Nf3 Nc6 6. Nc3 d5 7. c5 Be7 8. Bb5
a6 9. Bxc6+ bxc6 10. O-O O-O 11. Bf4 a5 12. a3 Ba6 13. Re1 Nh5 14. Be3 Qc7 15.
Na4 Rab8 16. Nb6 Nf6 17. Qd2 Rxb6 18. cxb6 Qxb6 19. Rec1 Nd7 20. Ne5 Nxe5 21.
dxe5 c5 22. b4 d4 23. Bg5 Bxg5 24. Qxg5 cxb4 25. axb4 Qxb4 26. Rcb1 Qc5 27. Qd2
Qxe5 28. Rxa5 Qe4 29. Re1 Qd3 30. Qxd3 Bxd3 31. Rd1 Rc8 32. f3 Bc4 33. Rxd4 Bd5
34. h4 f6 35. Rb4 Rc7 36. Kh2 h6 37. Rba4 g5 38. hxg5 hxg5 39. Ra7 Rf7 40. Rxf7
Kxf7 41. Kg3 e5 42. Ra6 f5 43. Kf2 g4 44. fxg4 fxg4 45. Kg3 Be6 46. Kh4 Kf6 47.
Kg3 Kf7 48. Kf2 Bd5 49. g3 Bf3 50. Ke3 Bh1 51. Ra4 Bf3 52. Rb4 Ke6 53. Rb6+ Kf5
54. Rb8 Ke6 55. Re8+ Kf5 56. Rf8+ Ke6 57. Re8+ Kf5 58. Rf8+ 58... Ke6 {
Game drawn by mutual agreement} 1/2-1/2

[Event "ICS unrated blitz match"]
[Site "204.178.125.65"]
[Date "1999.10.29"]
[Round "?"]
[White "Hossa"]
[Black "Moron"]
[Result "0-1"]
[WhiteElo "2448"]
[BlackElo "2868"]
[PlyCount "118"]
[EventDate "1999.??.??"]

1. e4 c6 2. d4 d5 3. e5 Bf5 4. Nf3 e6 5. a3 c5 6. Bb5+ Nc6 7. Be3 Qb6 8. Nc3
O-O-O 9. O-O a6 10. dxc5 Bxc5 11. Bxc5 Qxc5 12. Bxc6 bxc6 13. Qe2 Kb7 14. Qd2
d4 15. Rad1 Ne7 16. Nxd4 Qxe5 17. Na4 c5 18. Nf3 Qc7 19. Qe3 Rc8 20. b4 cxb4
21. axb4 Nd5 22. Qd4 Ka8 23. c4 Qxc4 24. Nb6+ Nxb6 25. Qxb6 Qb5 26. Qe3 Rhd8
27. Ra1 Rd6 28. Ne5 f6 29. Nf3 Qxb4 30. Ra3 Qb6 31. Qf4 Bd3 32. Re1 e5 33. Qg3
Rc2 34. Raa1 Rdc6 35. h3 e4 36. Nh2 Rb2 37. Qxg7 Qxf2+ 38. Kh1 Rc7 39. Qg8+ Ka7
40. Rg1 f5 41. Qh8 h5 42. Qf6 Rbc2 43. Qf8 f4 44. Rab1 Bb5 45. Nf1 h4 46. Qh6
Re2 47. Qd6 Rg7 48. Nh2 Rd7 49. Qe5 f3 50. gxf3 exf3 51. Qf4 Qe3 52. Qxh4 f2
53. Rg2 Re1+ 54. Nf1 Rxb1 55. Rxf2 Rxf1+ 56. Rxf1 Bc6+ 57. Kh2 Rd2+ 58. Rf2
Rxf2+ 59. Qxf2 59... Qxf2# {Hossa checkmated} 0-1

[Event "ICS rated blitz match"]
[Site "204.178.125.65"]
[Date "1999.10.29"]
[Round "?"]
[White "Hossa"]
[Black "roma"]
[Result "1/2-1/2"]
[WhiteElo "2448"]
[BlackElo "2152"]
[PlyCount "85"]
[EventDate "1999.??.??"]

1. e4 e6 2. d4 d5 3. Nc3 Nf6 4. Bg5 dxe4 5. Nxe4 Be7 6. Nxf6+ Bxf6 7. Bxf6 Qxf6
8. Nf3 O-O 9. c3 Nd7 10. Bd3 c5 11. O-O cxd4 12. cxd4 Qf4 13. Qc1 Qxc1 14.
Raxc1 Nf6 15. Rfe1 Rd8 16. Be4 Nxe4 17. Rxe4 Bd7 18. Ne5 Rac8 19. Rxc8 Rxc8 20.
h4 Bb5 21. Re3 f6 22. Nf3 Kf7 23. Kh2 Rc2 24. Rb3 Bc6 25. Kg3 Bd5 26. Rb4 h5
27. a4 b6 28. Rb5 Rc4 29. a5 bxa5 30. Rxa5 Rb4 31. Rxa7+ Kg6 32. Ne1 Rxb2 33.
f3 Rd2 34. Ra4 Kf5 35. Rb4 g5 36. Ra4 Kg6 37. Rb4 Kh6 38. Kh3 gxh4 39. Kxh4 Re2
40. Rb1 Rd2 41. Rb4 Re2 42. Rb1 Rd2 43. Rb4 {Game drawn by repetition} 1/2-1/2

[Event "ICS rated blitz match"]
[Site "204.178.125.65"]
[Date "1999.10.29"]
[Round "?"]
[White "salzi"]
[Black "Hossa"]
[Result "0-1"]
[WhiteElo "2114"]
[BlackElo "2437"]
[PlyCount "57"]
[EventDate "1999.??.??"]

1. d4 Nf6 2. Nf3 g6 3. c4 Bg7 4. Nc3 O-O 5. e4 d6 6. Be2 Na6 7. O-O e5 8. d5
Nc5 9. Qc2 a5 10. Ne1 Nfd7 11. f3 f5 12. Be3 fxe4 13. fxe4 Rxf1+ 14. Bxf1 Nf6
15. h3 Na6 16. a3 c6 17. Nd3 cxd5 18. cxd5 Bd7 19. Be2 b5 20. Bf3 b4 21. axb4
Nxb4 22. Nxb4 axb4 23. Rxa8 Qxa8 24. Ne2 Qa5 25. Nc1 Ne8 26. Nb3 Qa4 27. Bd1
Nf6 28. Nd2 Qa1 29. Qb1 {salzi resigns} 0-1

[Event "ICS rated blitz match"]
[Site "204.178.125.65"]
[Date "1999.10.29"]
[Round "?"]
[White "Hossa"]
[Black "salzi"]
[Result "1/2-1/2"]
[WhiteElo "2441"]
[BlackElo "2110"]
[PlyCount "40"]
[EventDate "1999.??.??"]

1. e4 c5 2. Nf3 Nc6 3. Bb5 a6 4. Be2 d6 5. Nc3 Nf6 6. d4 cxd4 7. Nxd4 Bd7 8.
Be3 Nxd4 9. Bxd4 e5 10. Be3 Bc6 11. Bf3 Be7 12. O-O h6 13. Qd3 O-O 14. Rfd1 Qc7
15. Rd2 Rfd8 16. Rad1 Rac8 17. Ba7 Ra8 18. Be3 Rac8 19. Ba7 Ra8 20. Be3 20...
Rac8 {Game drawn by repetition} 1/2-1/2

[Event "ICS rated blitz match"]
[Site "204.178.125.65"]
[Date "1999.10.29"]
[Round "?"]
[White "hnishy"]
[Black "Hossa"]
[Result "0-1"]
[WhiteElo "2175"]
[BlackElo "2429"]
[PlyCount "27"]
[EventDate "1999.??.??"]

1. e4 e6 2. d3 d5 3. Nd2 c5 4. Ngf3 Nc6 5. g3 Bd6 6. Bg2 Nge7 7. O-O O-O 8. Re1
Ng6 9. exd5 exd5 10. c4 d4 11. Ne4 Be7 12. h4 Bg4 13. Bg5 Nce5 14. Bxe7 {
hnishy resigns} 0-1

[Event "ICS rated blitz match"]
[Site "204.178.125.65"]
[Date "1999.10.29"]
[Round "?"]
[White "Hossa"]
[Black "Njall"]
[Result "1-0"]
[WhiteElo "2435"]
[BlackElo "2118"]
[PlyCount "93"]
[EventDate "1999.??.??"]

1. e4 c6 2. d4 d6 3. Ne2 g6 4. c4 Bg7 5. Nbc3 Nd7 6. Bg5 Ngf6 7. Ng1 a6 8. Nf3
b5 9. Bd3 Bb7 10. Rc1 O-O 11. O-O Rc8 12. cxb5 axb5 13. Qd2 e5 14. Bh6 Ng4 15.
Bxg7 Kxg7 16. dxe5 Ngxe5 17. Nxe5 dxe5 18. Rfd1 Nc5 19. Qe3 Nxd3 20. Rxd3 Qe7
21. Rcd1 Rfd8 22. Qg3 Rxd3 23. Qxd3 b4 24. Ne2 c5 25. f3 Ra8 26. Nc1 Ba6 27.
Qd5 Rc8 28. Qd7 Qxd7 29. Rxd7 Bc4 30. Kf2 Be6 31. Rb7 Rd8 32. Ke1 Rd4 33. Rb5
Rc4 34. Kd2 Rd4+ 35. Kc2 Rc4+ 36. Kb1 f5 37. Rb6 Kf6 38. exf5 gxf5 39. Nd3 h5
40. Rc6 h4 41. Nxc5 Kf7 42. Nxe6 Rxc6 43. Nd8+ Ke7 44. Nxc6+ Kd6 45. Nxb4 Kc5
46. Nc2 Kc4 47. Ne3+ {Njall resigns} 1-0

[Event "ICS rated blitz match"]
[Site "204.178.125.65"]
[Date "1999.10.29"]
[Round "?"]
[White "NonWimp"]
[Black "Hossa"]
[Result "1-0"]
[WhiteElo "2818"]
[BlackElo "2439"]
[PlyCount "35"]
[EventDate "1999.??.??"]

1. e4 e6 2. d4 d5 3. Nc3 Bb4 4. e5 Ne7 5. a3 Ba5 6. Bd3 Nd7 7. Nf3 c5 8. O-O
O-O 9. Bxh7+ Kxh7 10. Ng5+ Kg6 11. Ne2 Nxe5 12. Nf4+ Kf5 13. Nh7 N7g6 14. g4+
Ke4 15. f3+ Nxf3+ 16. Qxf3+ Kxd4 17. Qe3+ Kc4 18. Qd3# {Hossa checkmated} 1-0

[Event "ICS rated blitz match"]
[Site "204.178.125.65"]
[Date "1999.10.29"]
[Round "?"]
[White "Hossa"]
[Black "Nicy"]
[Result "1-0"]
[WhiteElo "2436"]
[BlackElo "2261"]
[PlyCount "109"]
[EventDate "1999.??.??"]

1. e4 c5 2. Nf3 Nc6 3. d4 cxd4 4. Nxd4 g6 5. Nxc6 bxc6 6. Bd3 Bg7 7. O-O d6 8.
Nc3 e6 9. Re1 Ne7 10. Bg5 O-O 11. Qd2 d5 12. Bh6 Bb7 13. Rad1 Qc7 14. Bxg7 Kxg7
15. Na4 Rad8 16. Nc5 Qb6 17. b4 Nc8 18. a4 Nd6 19. Qc3+ Kg8 20. a5 Qc7 21. exd5
cxd5 22. Qf6 Rfe8 23. a6 Bc6 24. Re5 Qe7 25. Qf4 Bb5 26. Bxb5 Nxb5 27. Rd3 Nc7
28. Rf3 Rd6 29. Ra3 Rb6 30. Re1 Reb8 31. c3 Nb5 32. Rb3 Nd6 33. Qd4 Nb5 34.
Qxd5 Rd8 35. Qf3 Nc7 36. Qe3 Nxa6 37. Nxa6 Rxa6 38. Qh6 Rc6 39. b5 Rc5 40. Ra1
Rdc8 41. Rc1 Rb8 42. c4 a6 43. Rh3 f6 44. bxa6 Ra5 45. Re3 Rxa6 46. Rd3 Rc6 47.
Qd2 Rbc8 48. Rd4 R8c7 49. Qh6 Rc8 50. Rcd1 Qf8 51. Qh3 R6c7 52. Qxe6+ Qf7 53.
Rd8+ Kg7 54. R1d7 Rxd8 55. Qxf7+ {Nicy resigns} 1-0

[Event "ICS rated blitz match"]
[Site "204.178.125.65"]
[Date "1999.10.29"]
[Round "?"]
[White "Nicy"]
[Black "Hossa"]
[Result "0-1"]
[WhiteElo "2252"]
[BlackElo "2445"]
[PlyCount "96"]
[EventDate "1999.??.??"]

1. d4 Nf6 2. Bg5 e6 3. Nf3 d5 4. e3 c5 5. Bd3 Nc6 6. c3 Bd6 7. Nbd2 e5 8. dxe5
Bxe5 9. Nxe5 Nxe5 10. Be2 Bg4 11. Nf3 Bxf3 12. Bxf3 Nxf3+ 13. Qxf3 Qd6 14. O-O
Ne4 15. Bf4 Qe6 16. Rfd1 O-O 17. Rd3 Qb6 18. Qe2 Rad8 19. Rad1 Qa6 20. a3 Qc4
21. Qc2 f5 22. h3 Nf6 23. Bg5 h6 24. Bxf6 Rxf6 25. b3 Qe4 26. Qd2 Rg6 27. f4
Kh8 28. Qf2 Rgd6 29. Qf3 Qe6 30. Kf2 a5 31. a4 Kg8 32. R1d2 R6d7 33. Qd1 Qe4
34. c4 d4 35. Kg1 Rd6 36. exd4 Rxd4 37. Rxd4 Rxd4 38. Rxd4 Qe3+ 39. Kh1 cxd4
40. Qh5 Qc1+ 41. Kh2 Qxf4+ 42. Kg1 Qe5 43. Qf3 Qe3+ 44. Qxe3 dxe3 45. g3 g5 46.
Kg2 f4 47. Kf3 Kf7 48. gxf4 48... gxf4 {Nicy resigns} 0-1